Metodología didáctica
Bewaard in:
| Hoofdauteur: | |
|---|---|
| Formaat: | Boek |
| Taal: | Spaans |
| Gepubliceerd in: |
Madrid
Rialp
1966
|
| Reeks: | Biblioteca de Educación y Ciencias Sociales. Serie Sistemática, 3
|
| Onderwerpen: | |
| Tags: |
Voeg label toe
Geen labels, Wees de eerste die dit record labelt!
|
MARC
| LEADER | 00000nam a2200000 a 4500 | ||
|---|---|---|---|
| 001 | UCZ0530 | ||
| 003 | CL-VaPUC | ||
| 008 | 950728e19660000SP |||||||||||||||||spa|d | ||
| 082 | 0 | 4 | |a 370.1 |b TIT |2 21 |
| 100 | 0 | |a Titone, Renzo |e author |9 343453 | |
| 245 | 1 | 0 | |a Metodología didáctica |
| 300 | |a 667 p | ||
| 942 | |c BK | ||
| 945 | |d 19950728 00:00:00 |a cmena | ||
| 260 | |a Madrid |b Rialp |c 1966 | ||
| 650 | 0 | |a Filosofía de la educación |9 258384 | |
| 650 | 0 | |a Historia de la educación |9 257642 | |
| 650 | 0 | |a Métodos de enseñanza |9 270413 | |
| 650 | 0 | |a Métodos de aprendizaje |9 334464 | |
| 650 | 0 | |a Sociología de la educación |9 260380 | |
| 650 | 0 | |a Planificación de la educación |9 307333 | |
| 583 | |a last modification |c 20170925 04:26:21 |k Rodrigo Vera | ||
| 490 | 0 | |a Biblioteca de Educación y Ciencias Sociales. Serie Sistemática, 3 | |
| 999 | |c 237449 |d 237447 | ||
| 952 | |0 0 |1 0 |4 0 |6 370_100000000000000_TIT_1966 |7 0 |8 P |9 246531 |a BIBEDU |b BIBEDU |c BIBEDU_PB |d 2019-11-18 |i 1547011 |o 370.1 TIT 1966 |p 1547011 |r 2024-01-25 |w 2019-11-18 |y BK |k EDU | ||